The geology of the Minneapolis-St. Paul metropolitan area /

Bibliographic Details
Main Author: Schwartz, George M. (George Melvin), 1892-1980
Format: Book
Language:English
Published: Minneapolis : The University of Minnesota press, 1936.
Series:Bulletin (Minnesota Geological Survey) ; 27.
Subjects:

MARC

Tag First Indicator Second Indicator Subfields
LEADER 00000cam a2200000 a 4500
001 in00000083946
005 20151008054344.0
008 750709s1936 mnua s00110 engmd
010 |a  36028066  
035 |a (OCoLC)01438216 
035 |9 AAJ0414AM 
040 |a OUN  |c OUN  |d TXA  |d UtOrBLW 
043 |a n-us-mn 
049 |a TXAM  |c [262533] 
050 0 0 |a QE127  |b .A22 no. 27  
090 |a QE127  |b .A22 no.27 
100 1 |a Schwartz, George M.  |q (George Melvin),  |d 1892-1980. 
245 1 4 |a The geology of the Minneapolis-St. Paul metropolitan area /  |c by George M. Schwartz. 
264 1 |a Minneapolis :  |b The University of Minnesota press,  |c 1936. 
300 |a xi, 267 pages :  |b illustrations, maps ;  |c 24 cm. 
336 |a text  |b txt  |2 rdacontent 
337 |a unmediated  |b n  |2 rdamedia 
338 |a volume  |b nc  |2 rdacarrier 
490 1 |a Bulletin / Minnesota Geological Survey ;  |v no. 27 
500 |a At head of title: University of Minnesota. 
500 |a Four folded maps in pocket. 
500 |a "Chronological list of publications on the geology of the area": pages 2-5. 
500 |a Includes index. 
650 0 |a Geology  |z Minnesota  |z Minneapolis. 
650 0 |a Geology  |z Minnesota  |z Saint Paul. 
830 0 |a Bulletin (Minnesota Geological Survey) ;  |v 27. 
999 |a MARS 
999 f f |s 34565eaa-6ecd-3851-a3a0-6124ca464e90  |i 56a5f503-1a85-3c4a-93eb-5f313c57b04c  |t 0 
952 f f |p ric  |a Texas A&M University  |b Rellis Campus  |c Joint Library Facility  |d Remote Storage  |t 0  |e QE127 .A22 no.27  |h Library of Congress classification  |i unmediated -- volume  |m A14806213666 
998 f f |a QE127 .A22 no.27  |t 0  |l Remote Storage